LanStore elosztott fájlrendszer tesztelése és refaktorizálása adatbázis-műveletek, tranzakció-kezelés, verziókövetés refaktorizációja /

Elmentve itt :
Bibliográfiai részletek
Szerző: Földesi Attila
További közreműködők: Bilicki Vilmos (Témavezető)
Dokumentumtípus: Szakdolgozat
Megjelent: 2007-06-12
Tárgyszavak:
Online Access:http://diploma.bibl.u-szeged.hu/3035
LEADER 00910nta a2200181 i 4500
001 dipl3035
005 20130314072132.0
008 110413s2007 hu om 0|| hun d
040 |a SZTE Diploma Repozitórium  |b hun 
041 |a hun 
100 1 |a Földesi Attila 
245 1 0 |a LanStore elosztott fájlrendszer tesztelése és refaktorizálása  |h [elektronikus dokumentum] :  |b adatbázis-műveletek, tranzakció-kezelés, verziókövetés refaktorizációja /  |c Attila Földesi 
260 |c 2007-06-12 
650 4 |a Informatika 
700 1 |a Bilicki Vilmos  |e ths 
856 4 0 |u http://diploma.bibl.u-szeged.hu/id/eprint/3035/1/Szakdolgozat2007%28F%C3%B6ldesi_Attila%29.pdf  |z Dokumentum-elérés  
856 4 0 |u http://diploma.bibl.u-szeged.hu/id/eprint/3035/2/2007_foldes_attila_07_33.tar.gz  |z Dokumentum-elérés  
856 4 0 |u http://diploma.bibl.u-szeged.hu/id/eprint/3035/3/2007_foldesi_attila_07_33_biralat.pdf  |z Dokumentum-elérés